Chiến tranh thế giới thứ 2

সংরক্ষণ করুন:
গ্রন্থ-পঞ্জীর বিবরন
প্রধান লেখক: Nguyễn Huy Quý
বিন্যাস: গ্রন্থ
প্রকাশিত: H. Sự thật 1985
বিষয়গুলি:
ট্যাগগুলো: ট্যাগ যুক্ত করুন
কোনো ট্যাগ নেই, প্রথমজন হিসাবে ট্যাগ করুন!
Thư viện lưu trữ: Trung tâm Học liệu Lê Vũ Hùng, Trường Đại học Đồng Tháp
LEADER 00762pam a22002178a 4500
001 00018870
005 20171026081022.0
008 110504s1985 ||||||Viesd
041 0 # |a Vie 
082 1 4 |a 940.53  |b CH305TR 
100 0 # |a Nguyễn Huy Quý 
245 0 0 |a Chiến tranh thế giới thứ 2  |c Nguyễn Huy Quý 
260 # # |a H.  |b Sự thật  |c 1985 
300 # # |a 183 tr.  |c 20 cm. 
653 # # |a Chiến tranh thế giới thứ 2 
653 # # |a Lịch sử 
852 # # |b Kho mượn  |j KM.0002409, KM.0002410, KM.0002411 
852 # # |b Kho đọc  |j KD.0004301 
852 # # |j KD.0004301  |j KM.0002409  |j KM.0002411  |j KM.0002410 
910 |d 04/05/2011 
980 # # |a Trung tâm Học liệu Lê Vũ Hùng, Trường Đại học Đồng Tháp